000
00292nam a22001337a 4500
999
_c
5385
_d
5383
005
20210907104239.0
008
170401b xxu||||| |||| 00| 0 eng d
041
_a
eng
100
_a
SONI,H P
_9
6907
245
_a
WINNING AND WORKING
300
_a
354
650
_a
MINNING
_9
6908
942
_c
BK